| 000 | 01152nam a2200277 a 4500 | ||
|---|---|---|---|
| 001 | 000043753 | ||
| 005 | 20250219170734.0 | ||
| 008 | 140422s2014 dr a 000 0 spa d | ||
| 020 | _a9789945892208 | ||
| 040 |
_aDO-SdBNP _bspa _cBNPHU |
||
| 082 |
_a333.3 _bL937t |
||
| 100 | 1 |
_aLuciano, Ana Evelin _971586 |
|
| 245 | 1 | 3 |
_aLa tenencia de la tierra : _bnuestra realiadad / _cAna Evelin Luciano ; prólogo Rafael Luciano Pichardo. |
| 260 |
_aSanto Domingo : _bMEPyD, _c2014. |
||
| 300 |
_a487 : _bil. ; _c22 cm. |
||
| 500 | _aIncluye datos biográficos de la autora en las solapas | ||
| 500 | _aIncluye referencias bibliográficas y notas al pie de las páginas | ||
| 504 | _aBibliografía : p. 479-487 | ||
| 590 | _aInventariado, 2018/MFF | ||
| 650 | 4 |
_aTenencia de la tierra _zRepública Dominicana _96976 |
|
| 650 | 4 |
_aTenencia de la tierra _xLegislación _zRepública Dominicana _916861 |
|
| 650 | 4 |
_aEscrituras de propiedad de tierras _970966 |
|
| 700 | 1 | 2 |
_aPichardo, Rafael Luciano _epról. _938362 |
| 710 | 1 | 2 |
_aRepública Dominicana. _bMinisterio de Economía, Planificación y Desarrollo _966142 |
| 910 | _aValidado. Control de calidad MFF | ||
| 999 |
_c43242 _d43242 |
||